• 首页
  • 本馆介绍
  • 公告通知
  • 最新文献
  • 馆藏检索
  • 电子资源
  • 读者导购
  • 参考咨询
  • 我的图书馆
  • 登录
  • 详细信息显示
  • 放入我的书架
  • 预约/预借图书
  • 作者相关作品
  • 分类相关作品
  • 丛书相关作品
  • 出版社相关作品

书目信息

  • 表格格式
  • 工作单格式
  • 卡片格式
题名:
法国一本就GO!
    
 
作者: ;一本就GO编辑部 编著
分册:  
出版信息: 桂林   广西师范大学出版社  2013
页数: 225页
开本: 22cm
丛书名:
单 册:
中图分类: K956.59
科图分类:
主题词: 导游--法国
电子资源:
ISBN: 978-7-5495-0401-5
000 00821nam0 2200253 450
001 338410
005 20150602173810.56
010    @a978-7-5495-0401-5@dCNY48.00
100    @a20110624d2011 em y0chiy50 ea
101 0  @achi
102    @aCN@b450000
105    @aab z 001yy
106    @ar
200 1  @a法国一本就GO!@Afa guo yi ben jiu GO !@d= France pass@e2013-2014最新全彩版@f《一本就GO》编辑部编著@zeng
210    @a桂林@c广西师范大学出版社@d2013
215    @a225页@c彩图, 地图@d22cm
300    @a一本就GO!
330    @a本书以图文并茂的形式讲述了法国巴黎周边胜地, 博物馆情报, 瞎拼攻略, 必尝美食等。
510 1  @aFrance pass@zeng
606 0  @a导游@y法国
690    @aK956.59@v5
711 02 @a一本就GO编辑部@Ayi ben jiu GO bian ji bu@4编著
801  0 @aCN@b卓展宏图@c20150525
905    @dK956.59@e322@f4
    
    法国一本就GO!= France pass:2013-2014最新全彩版/《一本就GO》编辑部编著.-桂林:广西师范大学出版社,2013
    225页:彩图, 地图;22cm
    一本就GO!
    
    ISBN 978-7-5495-0401-5:CNY48.00
    本书以图文并茂的形式讲述了法国巴黎周边胜地, 博物馆情报, 瞎拼攻略, 必尝美食等。
●
相关链接 在E读中查询图书 在五车中查询图书 在当当中查询图书 在豆瓣中查询图书


正题名:法国一本就GO!     索取号:K956.59/322         预约/预借

序号 登录号 条形码 馆藏地/架位号 状态 备注
1 862071   208620713   第二样本阅览室/ [索取号:K956.59/322] 在馆    
2 862072   208620722   第二借阅区/ [索取号:K956.59/322] 在馆    
3 862073   208620731   第二借阅区/ [索取号:K956.59/322] 在馆    
4 862074   208620740   资源管理系资料室/ [索取号:K956.59/322] 在馆    
唐山师范学院图书馆 欢迎您!
大连网信软件有限公司© 版权所有